01598nam a2200325 a 450000500170000000800410001701000140005802000260007203500130009803700150011104000180012608200170014411101400016124501320030126000350043327000580046830000420052650000330056850400510060152001850065265000250083765000520086265100730091470000240098770000170101171000470102894200310107599900170110695201490112320090820153511.0070903s2007 ii ab bs 101 0 eng  aENG-94765 a9788189487263c625.00 aEN-78298 bDBAD / PUB adplbEnglish  a338.91086942 aInternational Conference on Global Finance and Integration of Developing Economiesd(2005 :cInstitute of Development Studies, Kolkata) aCapture and exclude :bdeveloping economies and the poor in global finance /cedited by Amiya Kumar Bagchi [and] Gary A. Dymski aNew Delhi bTulika Booksc2007 a35 A/1 (third floor), Shahpur JatbNew Delhi e110049 axii, 343 p. :bill., map ;c25cm(Hb)  aIncludes statistical tables. aIncludes bibliographical references and index. aPapers presented at the International Conference on Global Finance and Integration of Developing Economies; organized and held at Institute of Development Studies, Kolkata in 2005. aFinancevCongresses. aInternational economic integrationvCongresses. aDeveloping countriesxEconomic conditionsy20th centuryvCongresses. aBagchi, Amiya Kumar aDymski, Gary aInstitute of Development Studies, Kolkata. 2ddccENmCAPh338.91086942 c29341d29341 00102ddc40718NFICaDBADbDBADd2009-08-20eDBAD / PUBg625.00l0o338.91086942 CAPpEN-78298r2009-08-20 00:00:00t1v625.00w2009-08-20yEN